000 01324cam a22003374a 4500
001 13033578
005 20210414113851.0
008 021218s2004 lauab b s001 0 eng
010 _a 2002155766
020 _a0072521449 (hard copy : alk. paper)
040 _aDLC
_cDLC
_dDLC
042 _apcc
043 _acl-----
_acc-----
050 0 0 _aF1408.C62
082 0 0 _a980
_221
100 1 _aClawson, David L.
_q(David Leslie),
_d1948-
245 1 0 _aLatin America & the Caribbean :
_blands and peoples /
_cDavid L. Clawson.
246 3 _aLatin America and the Caribbean
250 _a3rd ed.
260 _a[New Orleans, La.] :
_bUniversity of New Orleans ;
_aBoston :
_bMcGraw-Hill,
_cc2004.
300 _axix, 390 p. :
_bill., maps ;
_c28 cm.
504 _aIncludes bibliographical references and index.
505 _aContents: Physical geography -- Cultural patterns -- Economic patterns.
651 0 _aLatin America.
651 0 _aCaribbean Area.
856 4 2 _3Publisher description
_uhttp://www.loc.gov/catdir/description/mh031/2002155766.html
856 4 1 _3Table of contents
_uhttp://www.loc.gov/catdir/toc/mh031/2002155766.html
906 _a7
_bcbc
_corignew
_d1
_eecip
_f20
_gy-gencatlg
942 _2lcc
_cBK
999 _c175
_d7675